000 00771nam a22002417a 4500
005 20131004124602.0
008 090728t xxu||||| |||| 00| 0 pun d
010 _aPUN-7566
020 _c325.00
035 _aPN-6684
037 _bDBAD / PUB
037 _bNBS
040 _adpl
_bpn
082 _a921
100 _aਹਰਪ੍ਰਾਣ ਬਗ਼ਦਾਦੀ
245 _aਜੀਅੜਾ ਅਗਨ ਬਰਾਬਰ ਤਪੈ /
_cਹਰਪ੍ਰਾਣ ਬਗ਼ਦਾਦੀ
246 _aJiara agan barabar tapiye
_bby Harpran Bagdadi
260 _aNew Delhi
_bSatwant Book Agency
_c2013
270 _bNew Delhi
300 4 _a262p.
_c22ਸੇਂਮੀ (ਸਜਿਲੱਦ)
942 _2ddc
_cPN
_h921
_mਹਰਪ੍ਰਾ
999 _c79809
_d79809